| 000 | 00514nam a2200169 a 4500 | ||
|---|---|---|---|
| 001 | 000032735 | ||
| 005 | 20200930065813.0 | ||
| 008 | 090824s19-- dr 000 0 spa d | ||
| 040 |
_aDO-SdBNP _bspa _cBNPHU |
||
| 082 |
_axxx _bR426l |
||
| 110 | 1 |
_aRepública Dominicana. _bCongreso Nacional _916501 |
|
| 240 | 1 | 3 | _a[ Leyes etc.] |
| 245 | 1 | 0 | _aLey sobre procedimiento de casación. |
| 260 |
_aSanto Domingo : _bCongreso Nacional de la República Dominicana, _c[19--]. |
||
| 300 |
_a51 p. ; _c23 cm. |
||
| 049 | _aBNPD | ||
| 999 |
_c32226 _d32226 |
||